000 00598nam a22001937a 4500
003 CEME
005 20210628202214.0
008 210209b xxu||||| |||| 00| 0 eng d
020 _a3-527-40542-9
040 _c.
082 _a621.381 NAN
100 _aWaser , Rainer
_958752
245 _aNanoelectronics and infromation technology ,advanced electronic materials and novel devices
250 _a2ND
260 _aGERMANY
_bJOHN WILEY
_c2005
300 _aVIII,995P
650 _aMOLECULAR ELECTRONICS. NANOTECHNOLOGY. INFORMATION TECHNOLOGY. ELECTRONICS MATERIALS
_958753
942 _cBK
_2ddc
999 _c568872
_d568872